Roland Garros 2024: Pays d'origine des joueurs et joueuses - Statistiques

Statistiques générales
  • Ce quiz a été pris 305 fois
  • Le résultat moyen est 35 sur 44
Statistiques - réponses
Réponse % Correct
Espagne
100%
France
100%
Russie
98%
Etats-Unis
97%
Italie
96%
Canada
94%
Allemagne
93%
Chine
93%
Japon
93%
Royaume-Uni
92%
Australie
91%
Brésil
91%
Argentine
89%
Portugal
88%
Suisse
88%
Pologne
87%
Serbie
87%
Mexique
86%
Norvège
85%
Belgique
83%
Ukraine
83%
Danemark
81%
Biélorussie
79%
Finlande
79%
Grèce
79%
Chili
78%
Pays-Bas
78%
Autriche
77%
Slovaquie
77%
République Tchèque
76%
Hongrie
74%
Slovénie
74%
Colombie
73%
Croatie
72%
Bulgarie
71%
Tunisie
71%
Roumanie
69%
Inde
68%
Corée du Sud
66%
Kazakhstan
64%
Turquie
61%
Lettonie
59%
Egypte
44%
Monaco
34%
Aucun quiz correspondant
Distribution des résultats
% des personnes avec chaque résultat
Percentile par nombre de réponses
Votre historique - résultats
Vous n’avez pas pris ce quiz